Statistics for Fenerbahçe Teknik Direktörleri

Click here to take the quiz!

General Stats

  • This quiz has been taken 592 times
  • The average score is 13 of 26

Answer Stats

YearsAnswer% Correct
2023-TRİsmail Kartal
97%
2022-2022TRİsmail Kartal
97%
2014-2015TRİsmail Kartal
97%
2022-2023PTJorge Jesus
88%
2010-2013TRAykut Kocaman
86%
2017-2018TRAykut Kocaman
86%
2015-2016PTVitor Pereira
69%
2021-2021PTVitor Pereira
69%
2018-2020TRErsun Yanal
68%
2013-2014TRErsun Yanal
68%
2006-2008BRZico
58%
2021-2021TREmre Belözoğlu
53%
2020-2021TRErol Bulut
49%
2003-2006DEChristoph Daum
46%
2009-2010DEChristoph Daum
46%
2018-2019NLPhillip Cocu
43%
2016-2017NLDick Advocaat
34%
2000-2001TRMustafa Denizli
33%
2018-2018NLErwin Koeman
24%
2008-2009ESLuis Aragones
23%
2020-2020TRZeki Murat Göle
22%
2021-2022TRZeki Murat Göle
22%
2020-2020TRTahir Karapınar
21%
2002-2003TROğuz Çetin
8%
2002-2002DEWerner Lorant
7%
2003-2003TRTamer Güney
3%

Score Distribution

Percentile by Number Answered

Percent of People with Each Score

Your Score History

You have not taken this quiz